MDQL
is popping MORE tags! Check the
thread
!
Quizzes
Events
Quiz Creation
Community
Videos
Private Events
Remove Ads
Sign In
Join for FREE
Feedback
Dark Mode
Quiz Categories
Sports
Geography
Music
Movies
Television
Just For Fun
Miscellaneous
History
Literature
Language
Science
Gaming
Entertainment
Religion
Holiday
For Kids
Quiz Lab
Recent
Popular Today
Quiz Kudos Today
Editor Picks
Curator Picks
Quizzes by...
Day
Popularity
Type
Ratings
Length
Year
Community
Subscriptions
Recent Discussions
Orange Saloon
Badges
Playlists
Quests
Create
Leaderboards
Showdown
Live 5
Trivia Bingo
Activity
Puzzle Library
Sporcle Events
Private Events
Virtual Trivia
Globe League
Become a Host
Pub Owners
SporcleCon
Opinionation
Our Games
Videos
Blog
Mobile Apps
Partnerships
Remove Ads and Go Orange
Feedback
Entertainment
Celebrity
Famous
Musical
Broadway
Show
Quote
Comic Books
Anime
Superhero
DC Comics
Marvel
Cartoons
Animation
Entertainment
Celebrity
Famous
Musical
Broadway
Show
Quote
Comic Books
Anime
Superhero
DC Comics
Marvel
Cartoons
Animation
Random Quiz
Search Sporcle
×
Quiz Lab
Quiz Lab
Entertainment
Celebrity
Type in answers that appear in a list
Type in answers that appear in a list
Classic
Best Score? Go Orange.
Celebrity look-a-likes Stats
Can you name the celebrities that these people look like
By
mrmalaki
5m
25 Questions
122 Plays
122 Plays
122 Plays
Comments
Comments
Give Quiz Kudos
Give Quiz Kudos
-
- Ratings
hide this ad
More Info
Replay
Link that replays current quiz
Next Quiz
Link to next quiz in quiz playlist
You Got
0%
They Got
Avg Score
60%
Avg Friend Score
Upgrade to see
Score Distribution
Jump to the score distribution portion of the page
Score
0/25
Timer
05:00
0
Plays Today
Hint
Answer
% Correct
Row 3
Barack Obama
91.8%
Row 1
Charlie Chaplin
90.2%
Row 4
Rowan Atkinson
88.5%
Row 5
Eminem
84.4%
Row 4
Justin Timberlake
83.6%
Row 3
Cher
82%
Row 5
Prince Charles
77.9%
Row 5
Bruce Willis
77%
Row 2
Jim Carrey
75.4%
Row 4
Audrey Hepburn
74.6%
Row 1
Gordon Ramsey
67.2%
Row 5
Tiger Woods
66.4%
Row 1
Bob Dylan
62.3%
Hint
Answer
% Correct
Row 4
Jennifer Lopez
62.3%
Row 3
Elton John
57.4%
Row 5
Samuel L Jackson
52.5%
Row 2
Tom Cruise
47.5%
Row 2
Simon Cowell
45.9%
Row 2
Michael Caine
45.9%
Row 4
Bono
43.4%
Row 3
Brad Pitt
43.4%
Row 3
Tony Blair
37.7%
Row 2
Anne Robinson
31.1%
Row 1
Lennox Lewis
13.9%
Row 1
Anastacia
11.5%
Quiz Playlist
Details
Report
Send in Message
Add To Playlist
More Info:
The following pictures are of professional celebrity look alikes (some are better than others). Can you name the people they are trying to be?
Classic:
Type in answers that appear in a list
Last Updated: Feb 16, 2017
Quiz Scoreboard
CHALLENGE
Sign Up to Join the Scoreboard
Show All
Scores
Hide
Comments
May contain spoilers
Recently Published
Image Sorting: Flags VI
by Barbecue
Geography
2m
Find the 'City' Movie
by crazypaving
Movies
60s
Colored Red Africa Blitz
by spor1
Geography
45s
More to Explore
Quiz From the Vault
Featured Blog Post
14 Easter Pick-up Lines to Find Eggs With
hide this ad
You Might Also Like...
Tags
Celebrity Quiz
Image Quiz
Today's Top Quizzes in Entertainment
Browse Entertainment
hide this ad
Today's Top Quizzes in Celebrity
Browse Celebrity
Top Contributed Quizzes in Entertainment
1
Marvel Classic Character Map
2
Dragon Ball Z: Goku's Fights in Order
3
Marvel Characters Bunker
4
Movie-Themed Roller Coasters
5
JoJo's Bizarre Logic Quiz
6
Harry Styles-Are you no.1 fan
7
Sorting Pictures: Villains
8
This is Your Life: Edward Elric
9
This is Your Life: Itachi Uchiha
10
Celebrity Spelling Bee
Explore More
Trending Topics
NBA
Kpop
Marvel
Anime
Harry Potter
Crossword
Disney
Song
The Office
Country
NFL
WWE
Soccer
Puzzle
Pokémon
hide this ad
More By:
mrmalaki
Quiz
Plays
Rating
Category
Featured
Created
Top 3 in England (Football)
176,325
4.46
Sports
Sep 27, 2012
Top 3 In England's Second Tier (Football)
4,861
4.27
Sports
Mar 19, 2018
Top 100 Stand Up comics (C4 UK)
1,064
4.50
Entertainment
May 17, 2010
Top 10 Nations by season
617
4.20
Sports
Mar 2, 2022
I played with Shearer
479
4.00
Sports
Apr 19, 2013
Go to Creator's Profile
Score Distribution
Quiz Creator Spotlight
mrmalaki
Follow
Send a Message
Quizzes Created
-
Created Quiz Play Count
-
More By This Creator
Popular Quizzes Today
1
Colored Red Africa Blitz
2
Find the US States - No Outlines Minefield
3
Find the 'City' Movie
4
5x2 Blitz: Bands
5
The Countries of the World
6
Find the Countries of Europe - No Outlines Minefield
7
Find the US States
8
US States
More Entertainment Quizzes
Today in Doctor Who: January
Curator's Pick
Trending Quizzes
Colored Red Europe Blitz I
Colored Red Europe Blitz II
Colored Red Africa Blitz II
Colored Red Europe Blitz III
Colored Red Africa Blitz III
Recently Updated
How Do You Spell That?
pecheneg
Godzilla Movies
pecheneg
Grab Bag: 4-10 Letters
pecheneg
2024 March Madness Bracket
pecheneg
Famous TV Couples
Peacemaker
Champions League XIs: Real Madrid
pecheneg
Largest US Cities 1790-2010
pecheneg
Rides in Walt Disney World
pecheneg
Most Oscar Losses (Acting)
pecheneg
Beyoncé Albums
pecheneg
Trending Topics
Crossword
Harry Potter
Marvel
NBA
Disney
Kpop
Anime
Pokémon
WWE
Soccer
Puzzle
Country
Song
NFL
The Office
Your Account Isn't Verified!
In order to create a playlist on Sporcle, you need to verify the email address you used during registration. Go to your
Sporcle Settings
to finish the process.
Report this User
Report this user for behavior that violates our
Community Guidelines
.
Details:
Send Report
Go to the Sporcle.com Mobile Site →
Comments